[Event "POL-chT 57th"]
[Site "Glogow"]
[Date "2001.09.09"]
[Round "2"]
[White "Pyda, Zbigniew"]
[Black "Jaworski, Miroslaw"]
[Result "1/2-1/2"]
[WhiteElo "2349"]
[BlackElo "2399"]
[PlyCount "168"]
[EventDate "2001.09.08"]
[EventType "team-tourn"]
[EventRounds "9"]
[EventCountry "POL"]
[SourceTitle "EXT 2019"]
[Source "ChessBase"]
[SourceDate "2018.10.10"]
[SourceVersion "1"]
[SourceVersionDate "2018.10.10"]
[SourceQuality "1"]
[WhiteTeam "Lublin UMCS"]
[BlackTeam "Bielsko-Biala Porto Balbo"]
[WhiteTeamCountry "POL"]
[BlackTeamCountry "POL"]

1. d4 Nf6 2. c4 e6 3. Nf3 b6 4. g3 Ba6 5. Qc2 Bb7 6. Bg2 c5 7. 0-0 cxd4 8. Nxd4 Bxg2 9. Kxg2 Qc8 10. e4 Qb7 11. Nc3 Be7 12. Bf4 a6 13. Rad1 0-0 14. f3 d6 15. Be3 Rc8 16. b3 b5 17. cxb5 axb5 18. Qd3 b4 19. Na4 Nbd7 20. Qb5 Qxb5 21. Nxb5 d5 22. Rd2 Ra5 23. Nd4 dxe4 24. f4 Nd5 25. Re1 N7f6 26. Bg1 h5 27. Rc2 Rxc2+ 28. Nxc2 Ra8 29. Ne3 Nxe3+ 30. Bxe3 Nd5 31. Bd4 Rc8 32. Re2 f5 33. Nb2 Rd8 34. Be5 Bf6 35. Bxf6 gxf6 36. Nc4 Nc3 37. Rc2 Ra8 38. a4 bxa3 39. Nxa3 Nd5 40. Nc4 Rb8 41. Rb2 Nb4 42. Kh3 Kg7 43. Kh4 Kg6 44. Rb1 Nd3 45. Ne3 Rb5 46. Nc4 Rb4 47. Kh3 Nc5 48. Na5 Rb5 49. b4 Nd3 50. Nc6 e3 51. Nd4 Rxb4 52. Rxb4 Nxb4 53. Kg2 e5 54. Nf3 exf4 55. gxf4 Nd3 56. Nh4+ Kf7 57. Kf3 e2 58. Kxe2 Nxf4+ 59. Kf3 Ne6 60. Nxf5 Kg6 61. Nd6 Kg5 62. Ne4+ Kg6 63. h4 Ng7 64. Kg3 Nf5+ 65. Kh3 Kf7 66. Nc5 Ke7 67. Nd3 Kd6 68. Nf4 Ng7 69. Kg3 Ke5 70. Kf3 Kf5 71. Nd5 Ne6 72. Ne7+ Ke5 73. Ng6+ Kd5 74. Ne7+ Kd6 75. Ng6 f5 76. Ke3 Kd5 77. Kf3 Kd6 78. Ke3 Kd7 79. Kf3 Ke8 80. Nf4 Ng7 81. Nd5 Kf7 82. Kf4 Ke6 83. Nc7+ Kf6 84. Nd5+ Ke6 1/2-1/2

[Event "POL-chT 57th"]
[Site "Glogow"]
[Date "2001.09.08"]
[Round "1"]
[White "Kuczynski, Robert"]
[Black "Pyda, Zbigniew"]
[Result "1-0"]
[WhiteElo "2470"]
[BlackElo "2349"]
[PlyCount "193"]
[EventDate "2001.09.08"]
[EventType "team-tourn"]
[EventRounds "9"]
[EventCountry "POL"]
[SourceTitle "EXT 2019"]
[Source "ChessBase"]
[SourceDate "2018.10.10"]
[SourceVersion "1"]
[SourceVersionDate "2018.10.10"]
[SourceQuality "1"]
[WhiteTeam "Warszawa Polonia"]
[BlackTeam "Lublin UMCS"]
[WhiteTeamCountry "POL"]
[BlackTeamCountry "POL"]

1. e4 c5 2. Nf3 g6 3. c3 Bg7 4. d4 cxd4 5. cxd4 d5 6. e5 Bg4 7. Bb5+ Nc6 8. 0-0 Nh6 9. Nbd2 Qb6 10. Bxc6+ Qxc6 11. h3 Bf5 12. Re1 0-0 13. Nf1 Rac8 14. Bd2 Qc2 15. Qxc2 Bxc2 16. Bb4 Rfe8 17. Rac1 e6 18. g4 Bf8 19. Bd2 Kg7 20. Ne3 Bd3 21. Kh2 Ng8 22. Rc3 Rxc3 23. Bxc3 Rc8 24. Kg3 h6 25. Rd1 Be2 26. Rd2 Ba6 27. Ne1 f5 28. gxf5 gxf5 29. N1g2 Ne7 30. Nf4 Kf7 31. Bb4 Nc6 32. Bxf8 Rxf8 33. f3 Rc8 34. Kf2 Ne7 35. Rc2 Nc6 36. Rc3 b6 37. Nc2 Bb5 38. Ke3 Ne7 39. Rxc8 Nxc8 40. Kf2 Be8 41. Nb4 Ke7 42. Ke3 Kd7 43. Kd2 a5 44. Nbd3 Na7 45. Nc1 Nc6 46. Kc3 Bf7 47. Ncd3 Ke7 48. a3 Na7 49. Nc1 Nc6 50. Kd3 Kd7 51. Nce2 Ne7 52. Nc3 Ng6 53. Nxg6 Bxg6 54. Ke3 Kc6 55. Kf4 Bf7 56. a4 Kd7 57. Ke3 Be8 58. Ne2 Ke7 59. b3 Kf7 60. Nf4 Ke7 61. Kd2 Kd7 62. Kc3 Bf7 63. b4 Kc6 64. bxa5 bxa5 65. Nd3 Be8 66. Nc5 Bd7 67. Kd3 Kc7 68. Ke3 Kd8 69. Kf4 Ke7 70. Kg3 Be8 71. Kh4 Kf7 72. Kh5 Kg7+ 73. Kh4 Kf7 74. Nb7 Bxa4 75. Nxa5 Bd1 76. Kg3 Ke7 77. Nb7 Ba4 78. Nc5 Be8 79. Kf4 Bf7 80. Ke3 Kd8 81. Kd3 Kc7 82. Kc3 Kb6 83. Kb4 Bg8 84. Nd7+ Kc6 85. Nf6 Bf7 86. Ka5 Bg6 87. f4 Bf7 88. Ka6 h5 89. Nh7 Be8 90. Ng5 Bd7 91. Nf7 Kc7 92. Ka7 Bb5 93. Ng5 Bd7 94. h4 Bc8 95. Nh7 Kc6 96. Nf6 Kb5 97. Nxh5 1-0

[Event "Kochan Memorial op"]
[Site "Koszalin"]
[Date "2001.08.14"]
[Round "10"]
[White "Pyda, Zbigniew"]
[Black "Sokolowski, Ryszard"]
[Result "1/2-1/2"]
[WhiteElo "2349"]
[BlackElo "2265"]
[PlyCount "118"]
[EventDate "2001.08.03"]
[EventType "swiss"]
[EventRounds "10"]
[EventCountry "POL"]
[SourceTitle "EXT 2002"]
[Source "ChessBase"]
[SourceDate "2001.11.25"]
[SourceVersion "1"]
[SourceVersionDate "2001.11.25"]
[SourceQuality "1"]

1. d4 Nf6 2. c4 d6 3. Nc3 Nbd7 4. e4 e5 5. Nf3 c6 6. h3 Be7 7. Be3 a6 8. d5 cxd5 9. cxd5 b5 10. b4 Nb6 11. Nd2 Bd7 12. Bd3 0-0 13. 0-0 Qb8 14. Qb3 Rc8 15. Rfc1 Ra7 16. Ne2 Rac7 17. Rxc7 Rxc7 18. Rc1 Rxc1+ 19. Nxc1 Qc8 20. Ne2 Na4 21. Qc2 Bd8 22. Qxc8 Bxc8 23. Bc2 Nb6 24. Nc3 Bd7 25. Bd3 Ne8 26. Nb3 Nc8 27. Kf1 Bb6 28. Ke2 Bxe3 29. Kxe3 Nb6 30. Na5 Nc7 31. Nb7 Nc8 32. Bc2 Kf8 33. Bd1 g6 34. g4 Ke7 35. h4 h6 36. g5 hxg5 37. hxg5 f5 38. f4 exf4+ 39. Kxf4 fxe4 40. Bc2 Bf5 41. Na5 Nb6 42. Bxe4 Bxe4 43. Kxe4 Kd7 44. a3 Nc8 45. Ne2 Ne7 46. Nf4 Ke8 47. Nb3 Kf7 48. Nd4 Na8 49. Nc6 Nf5 50. Nd8+ Kg7 51. Nde6+ Kh7 52. Nd8 Kg7 53. Nfe6+ Kg8 54. Nd4 Nxd4 55. Kxd4 Kf8 56. Ne6+ Ke7 57. Nf4 Kf7 58. Ne6 Ke7 59. Nf4 Kf7 1/2-1/2

[Event "Kochan Memorial op"]
[Site "Koszalin"]
[Date "2001.08.06"]
[Round "3"]
[White "Pyda, Zbigniew"]
[Black "Prokopchuk, Evgeny"]
[Result "1-0"]
[WhiteElo "2349"]
[BlackElo "2508"]
[PlyCount "123"]
[EventDate "2001.08.03"]
[EventType "swiss"]
[EventRounds "10"]
[EventCountry "POL"]
[SourceTitle "EXT 2002"]
[Source "ChessBase"]
[SourceDate "2001.11.25"]
[SourceVersion "1"]
[SourceVersionDate "2001.11.25"]
[SourceQuality "1"]

1. d4 Nf6 2. c4 g6 3. Nc3 Bg7 4. e4 d6 5. h3 0-0 6. Bg5 c6 7. Nf3 Na6 8. Bd3 e5 9. d5 cxd5 10. cxd5 Nc5 11. Bc2 a5 12. 0-0 Bd7 13. a4 Qb6 14. Rb1 Rfc8 15. Nd2 Qa6 16. Qf3 Nh5 17. Bd1 Qd3 18. Be3 Nf4 19. Rc1 h5 20. Bc2 Qa6 21. Bxf4 exf4 22. Qxf4 Re8 23. Nf3 Rac8 24. Rfe1 Qb6 25. Rb1 Re7 26. Nd2 Na6 27. Bd3 Nb4 28. Bf1 Be5 29. Qh4 Rce8 30. Nc4 Qc5 31. Nxe5 Rxe5 32. Rbc1 Qb6 33. Qf6 Na6 34. Nb5 Bxb5 35. Bxb5 Rf8 36. Bxa6 bxa6 37. Rc6 Qb4 38. Re3 Rxe4 39. Rxe4 Qxe4 40. Rxd6 Qxa4 41. Kh2 Qe4 42. Rd7 a4 43. d6 Qf5 44. Qxf5 gxf5 45. Ra7 Rb8 46. Rxa6 Kf8 47. Rxa4 Ke8 48. f4 Rxb2 49. Ra5 Rb4 50. Rxf5 h4 51. Kg1 Kd7 52. Rf6 Rb1+ 53. Kf2 Rb2+ 54. Kf3 Rb3+ 55. Ke4 Rg3 56. Ke5 Ke8 57. d7+ Kxd7 58. Rxf7+ Ke8 59. Kf6 Rxg2 60. Rh7 Ra2 61. Rh8+ Kd7 62. f5 1-0

[Event "Kochan Memorial op"]
[Site "Koszalin"]
[Date "2001.08.05"]
[Round "2"]
[White "Pyda, Zbigniew"]
[Black "Polkowski, Piotr"]
[Result "1-0"]
[WhiteElo "2349"]
[BlackElo "2165"]
[PlyCount "66"]
[EventDate "2001.08.03"]
[EventType "swiss"]
[EventRounds "10"]
[EventCountry "POL"]
[SourceTitle "EXT 2002"]
[Source "ChessBase"]
[SourceDate "2001.11.25"]
[SourceVersion "1"]
[SourceVersionDate "2001.11.25"]
[SourceQuality "1"]

1. d4 d5 2. c4 e6 3. Nf3 Nf6 4. Bg5 c6 5. e3 Be7 6. Nc3 0-0 7. Qc2 a6 8. c5 Nbd7 9. Bd3 h6 10. Bh4 b6 11. cxb6 c5 12. 0-0 Bb7 13. Rfd1 Rc8 14. Qe2 Qxb6 15. Ne5 Rfe8 16. Bg3 cxd4 17. exd4 Nxe5 18. Bxe5 Nd7 19. Bf4 Rc6 20. h3 Qa5 21. a3 Qd8 22. Rac1 Qa8 23. Na4 Rec8 24. b4 Rxc1 25. Bxc1 Bf6 26. Nc5 Nxc5 27. dxc5 e5 28. Bb2 Re8 29. f3 e4 30. fxe4 Bxb2 31. Qxb2 dxe4 32. Bc4 Qc8 33. Qf2 Re7 1-0

[Event "Kazimierz Dolny op"]
[Site "Kazimierz Dolny"]
[Date "2001.03.14"]
[Round "5"]
[White "Pyda, Zbigniew"]
[Black "Borovikov, Vladislav"]
[Result "0-1"]
[WhiteElo "2354"]
[BlackElo "2544"]
[PlyCount "64"]
[EventDate "2001.03.10"]
[EventType "swiss"]
[EventRounds "9"]
[EventCountry "POL"]
[SourceTitle "CBM 081 Extra"]
[Source "ChessBase"]
[SourceDate "2001.05.06"]
[SourceVersion "1"]
[SourceVersionDate "2001.05.06"]
[SourceQuality "1"]

1. d4 d5 2. c4 c6 3. Nc3 Nf6 4. Nf3 e6 5. e3 Nbd7 6. Bd3 dxc4 7. Bxc4 b5 8. Bd3 Bb7 9. e4 b4 10. e5 bxc3 11. exf6 cxb2 12. Bxb2 Nxf6 13. 0-0 Bd6 14. Rb1 Qc7 15. Qa4 0-0 16. Rfc1 Nd5 17. Ba3 Bxa3 18. Qxa3 Rfd8 19. Rb2 a5 20. Rc5 h6 21. g3 Nf6 22. Qb3 Nd7 23. Rc1 Rab8 24. Qc2 c5 25. Be2 Be4 26. Qc3 Rxb2 27. Qxb2 Qa7 28. Nd2 Ba8 29. dxc5 Nxc5 30. Nf3 Ne4 31. Bf1 Rd2 32. Rc8+ Kh7 0-1

[Event "Kazimierz Dolny op"]
[Site "Kazimierz Dolny"]
[Date "2001.03.11"]
[Round "2"]
[White "Pyda, Zbigniew"]
[Black "Slaby, Jerzy"]
[Result "1-0"]
[WhiteElo "2354"]
[BlackElo "2163"]
[PlyCount "85"]
[EventDate "2001.03.10"]
[EventType "swiss"]
[EventRounds "9"]
[EventCountry "POL"]
[SourceTitle "CBM 081 Extra"]
[Source "ChessBase"]
[SourceDate "2001.05.06"]
[SourceVersion "1"]
[SourceVersionDate "2001.05.06"]
[SourceQuality "1"]

1. d4 Nf6 2. c4 g6 3. Nc3 Bg7 4. e4 d6 5. h3 0-0 6. Bg5 c5 7. d5 h6 8. Be3 e5 9. Qd2 Kh7 10. Bd3 Na6 11. g4 Bd7 12. Nge2 Nc7 13. Ng3 Rb8 14. Qe2 a6 15. a4 b6 16. 0-0 Qe8 17. Kg2 b5 18. axb5 axb5 19. Ra7 bxc4 20. Bxc4 Nb5 21. Nxb5 Bxb5 22. b3 Bxc4 23. bxc4 Rb4 24. Rfa1 Qb8 25. R1a2 Rb7 26. R7a6 Rc8 27. Qc2 Nd7 28. Ne2 Nb6 29. Qd3 Rcc7 30. Nc3 Ra7 31. Nb5 Rxa6 32. Rxa6 Rb7 33. Ra5 Bf6 34. Qc2 Bd8 35. Qa2 Rd7 36. Ra6 Nc8 37. Bd2 Bb6 38. Qa4 Qb7 39. Ra8 Kg7 40. Bc3 Re7 41. Qa6 Qxa6 42. Rxa6 Bc7 43. Rc6 1-0

[Event "POL-chT 56th"]
[Site "Zakopane"]
[Date "2000.09.03"]
[Round "2"]
[White "Pyda, Zbigniew"]
[Black "Jakubiec, Artur"]
[Result "0-1"]
[WhiteElo "2365"]
[BlackElo "2488"]
[PlyCount "45"]
[EventDate "2000.09.02"]
[EventType "team-tourn"]
[EventRounds "11"]
[EventCountry "POL"]
[SourceTitle "EXT 2019"]
[Source "ChessBase"]
[SourceDate "2018.10.10"]
[SourceVersion "1"]
[SourceVersionDate "2018.10.10"]
[SourceQuality "1"]
[WhiteTeam "Lublin UMCS"]
[BlackTeam "Plock PTSz"]
[WhiteTeamCountry "POL"]
[BlackTeamCountry "POL"]

1. d4 f5 2. Nc3 Nf6 3. Bg5 d5 4. Bxf6 exf6 5. e3 Be6 6. Qf3 Nc6 7. Bb5 Qd6 8. h4 h5 9. Nh3 0-0-0 10. Nf4 Bf7 11. Nd3 g6 12. a3 a6 13. Ba4 Na5 14. Nc5 Nc4 15. b4 c6 16. Bb3 Qc7 17. Bxc4 dxc4 18. g3 Bxc5 19. dxc5 Qe5 20. e4 fxe4 21. Qe3 Rd3 22. cxd3 Qxc3+ 23. Ke2 0-1

[Event "POL-chT 56th"]
[Site "Zakopane"]
[Date "2000.09.02"]
[Round "1"]
[White "Gdanski, Jacek"]
[Black "Pyda, Zbigniew"]
[Result "1-0"]
[WhiteElo "2557"]
[BlackElo "2365"]
[PlyCount "60"]
[EventDate "2000.09.02"]
[EventType "team-tourn"]
[EventRounds "11"]
[EventCountry "POL"]
[SourceTitle "EXT 2019"]
[Source "ChessBase"]
[SourceDate "2018.10.10"]
[SourceVersion "1"]
[SourceVersionDate "2018.10.10"]
[SourceQuality "1"]
[WhiteTeam "Warszawa Polonia"]
[BlackTeam "Lublin UMCS"]
[WhiteTeamCountry "POL"]
[BlackTeamCountry "POL"]

1. e4 c5 2. Nf3 Nc6 3. Bb5 g6 4. 0-0 Bg7 5. Re1 e5 6. b4 cxb4 7. a3 Nge7 8. axb4 0-0 9. c3 d5 10. d3 Be6 11. Nbd2 a6 12. Ba4 b5 13. Bc2 d4 14. Bb2 dxc3 15. Bxc3 Nd4 16. Bxd4 exd4 17. Bb3 Nc6 18. Bxe6 fxe6 19. Qb3 Qe7 20. Rab1 Rfc8 21. e5 Kh8 22. Ne4 Rf8 23. Rbc1 Nxb4 24. Nxd4 Bxe5 25. Nxe6 Rf5 26. d4 Bd6 27. d5 Be5 28. d6 Bxd6 29. Nxd6 Qxd6 30. Qc3+ Re5 1-0